[Event "Landesliga Nord 1819"]
[Site "Bayern"]
[Date "2019.04.07"]
[Round "9.8"]
[White "Li, Simon"]
[Black "Hennig, Anton"]
[Result "1-0"]
[WhiteElo "2076"]
[BlackElo "1562"]
[PlyCount "59"]
[EventDate "2018.10.21"]
[EventType "team-tourn"]
[EventRounds "9"]
[EventCountry "GER"]
[SourceTitle "EXT 2022"]
[Source "ChessBase"]
[SourceDate "2021.10.06"]
[SourceVersion "1"]
[SourceVersionDate "2021.10.06"]
[SourceQuality "1"]
[WhiteTeam "Schweinfurt"]
[BlackTeam "Klingenberg"]
[WhiteTeamCountry "GER"]
[BlackTeamCountry "GER"]

1. e4 d5 2. exd5 Nf6 3. d4 Nxd5 4. Nf3 Bg4 5. h3 Bh5 6. g4 Bg6 7. Ne5 e6 8. Bg2 c6 9. c4 Bb4+ 10. Bd2 Bxd2+ 11. Qxd2 Nf6 12. Nc3 Nbd7 13. Nxg6 hxg6 14. d5 exd5 15. cxd5 cxd5 16. Nxd5 Rb8 17. Qe3+ Kf8 18. 0-0 Nxd5 19. Bxd5 Nb6 20. Bb3 Qe7 21. Qf4 Rc8 22. Rfe1 Qf6 23. Qg3 g5 24. Re3 Qf4 25. Qg2 f6 26. Rae1 g6 27. Qxb7 Qc7 28. Re8+ Rxe8 29. Rxe8+ Kxe8 30. Qxc7 1-0

[Event "Regionalliga Nord-West 1718"]
[Site "Bayern"]
[Date "2018.04.15"]
[Round "9.8"]
[White "Kuespert, Helmut"]
[Black "Hennig, Anton"]
[Result "1/2-1/2"]
[WhiteElo "1935"]
[BlackElo "1544"]
[PlyCount "71"]
[EventDate "2017.10.22"]
[EventType "team-tourn"]
[EventRounds "9"]
[EventCountry "GER"]
[SourceTitle "EXT 2022"]
[Source "ChessBase"]
[SourceDate "2021.10.06"]
[SourceVersion "1"]
[SourceVersionDate "2021.10.06"]
[SourceQuality "1"]
[WhiteTeam "Marktleuthen"]
[BlackTeam "Klingenberg"]
[WhiteTeamCountry "GER"]
[BlackTeamCountry "GER"]

1. e4 d5 2. e5 Bf5 3. d4 e6 4. Bd3 Bxd3 5. Qxd3 a6 6. Nf3 c5 7. c3 Nc6 8. 0-0 cxd4 9. cxd4 Nge7 10. Nc3 Nf5 11. Rd1 Be7 12. a3 0-0 13. b4 Qd7 14. Bb2 b5 15. Ne2 Rfc8 16. g4 Nh4 17. Nxh4 Bxh4 18. f4 f6 19. exf6 Bxf6 20. Rf1 Rf8 21. g5 Be7 22. Rf3 g6 23. Kg2 Bd6 24. h4 Ne7 25. Rh1 Nf5 26. h5 Kg7 27. Rfh3 Rh8 28. R3h2 Qf7 29. Qf3 Rac8 30. hxg6 hxg6 31. Rxh8 Rxh8 32. Rxh8 Kxh8 33. Qc3 Qc7 34. Qxc7 Bxc7 35. Kf3 Bb6 36. Bc3 1/2-1/2

[Event "Regionalliga Nord-West 1718"]
[Site "Bayern"]
[Date "2018.03.18"]
[Round "8.8"]
[White "Gorka, Michael"]
[Black "Hennig, Anton"]
[Result "1-0"]
[WhiteElo "1785"]
[BlackElo "1544"]
[PlyCount "49"]
[EventDate "2017.10.22"]
[EventType "team-tourn"]
[EventRounds "9"]
[EventCountry "GER"]
[SourceTitle "EXT 2022"]
[Source "ChessBase"]
[SourceDate "2021.10.06"]
[SourceVersion "1"]
[SourceVersionDate "2021.10.06"]
[SourceQuality "1"]
[WhiteTeam "Hoechstadt/Aisch"]
[BlackTeam "Klingenberg"]
[WhiteTeamCountry "GER"]
[BlackTeamCountry "GER"]

1. e4 d5 2. exd5 Nf6 3. d4 Nxd5 4. Nf3 Bg4 5. c4 Nf6 6. Be2 e6 7. 0-0 Be7 8. h3 Bh5 9. Nc3 c6 10. Re1 0-0 11. Bf4 Bd6 12. Ne5 Bxe2 13. Rxe2 Be7 14. Qd3 Nfd7 15. Rd1 Na6 16. Qg3 Nxe5 17. dxe5 Qc7 18. Bh6 g6 19. Bxf8 Bxf8 20. Ne4 Rd8 21. Rxd8 Qxd8 22. Rd2 Qa5 23. a3 Qc7 24. Nf6+ Kh8 25. Rd7 1-0

[Event "Regionalliga NW 0607"]
[Site "Bayern"]
[Date "2007.03.18"]
[Round "7.8"]
[White "Schmierer, Hans Joachim"]
[Black "Hennig, Anton"]
[Result "1/2-1/2"]
[WhiteElo "1814"]
[BlackElo "1658"]
[PlyCount "46"]
[EventDate "2006.10.15"]
[EventType "team-tourn"]
[EventRounds "9"]
[EventCountry "GER"]
[SourceTitle "EXT 2008"]
[Source "ChessBase"]
[SourceDate "2007.11.25"]
[SourceVersion "1"]
[SourceVersionDate "2007.11.25"]
[SourceQuality "1"]
[WhiteTeam "Kronach"]
[BlackTeam "Klingenberg"]
[WhiteTeamCountry "GER"]
[BlackTeamCountry "GER"]

1. d4 d5 2. c4 e5 3. cxd5 Qxd5 4. Nc3 Bb4 5. e3 exd4 6. Qxd4 Qxd4 7. exd4 Nf6 8. Be3 Nd5 9. Rc1 0-0 10. Bc4 Nxe3 11. fxe3 Re8 12. Kf2 Bxc3 13. Rxc3 c6 14. Nf3 Be6 15. Bxe6 Rxe6 16. Ne5 f6 17. Nd3 Nd7 18. Re1 Rae8 19. Rb3 Nb6 20. Nc5 R6e7 21. a4 Rb8 22. Rc1 f5 23. a5 Nd5 1/2-1/2

[Event "Regionalliga NW 0102"]
[Site "Bayern"]
[Date "2002.03.17"]
[Round "7.7"]
[White "Stockmann, Rainer"]
[Black "Hennig, Anton"]
[Result "1-0"]
[WhiteElo "2065"]
[BlackElo "1820"]
[PlyCount "79"]
[EventDate "2001.10.07"]
[EventType "team-tourn"]
[EventRounds "9"]
[EventCountry "GER"]
[SourceTitle "EXT 2003"]
[Source "ChessBase"]
[SourceDate "2002.11.25"]
[SourceVersion "1"]
[SourceVersionDate "2002.11.25"]
[SourceQuality "1"]
[WhiteTeam "Wuerzburg II"]
[BlackTeam "Klingenberg"]
[WhiteTeamCountry "GER"]
[BlackTeamCountry "GER"]

1. Nc3 Nf6 2. e4 e5 3. g3 g6 4. Bg2 Bg7 5. d3 d6 6. f4 Nc6 7. Nf3 Bg4 8. h3 Bxf3 9. Qxf3 Nd4 10. Qf2 Nc6 11. 0-0 0-0 12. g4 exf4 13. Bxf4 Nd7 14. Kh1 Nc5 15. Rae1 Ne6 16. Be3 Ncd4 17. Nd1 c6 18. c3 Nb5 19. d4 d5 20. exd5 cxd5 21. Qc2 Qd7 22. Bg1 Rac8 23. Qb3 Nec7 24. Ne3 b6 25. Nxd5 Nxd5 26. Bxd5 Nc7 27. Bg2 Rfe8 28. Bh2 Ne6 29. Rf2 Re7 30. Bd5 Rce8 31. Bxe6 Rxe6 32. Rxe6 Rxe6 33. Qd1 Qe7 34. Qf3 Re3 35. Qa8+ Bf8 36. Qd5 Rxh3 37. Kg2 Re3 38. Be5 h6 39. a4 h5 40. Bf4 1-0

[Event "Regionalliga NW 0102"]
[Site "Bayern"]
[Date "2002.02.24"]
[Round "6.5"]
[White "Hennig, Anton"]
[Black "Deml, Tilo"]
[Result "0-1"]
[WhiteElo "1820"]
[BlackElo "2030"]
[PlyCount "124"]
[EventDate "2001.10.07"]
[EventType "team-tourn"]
[EventRounds "9"]
[EventCountry "GER"]
[SourceTitle "EXT 2003"]
[Source "ChessBase"]
[SourceDate "2002.11.25"]
[SourceVersion "1"]
[SourceVersionDate "2002.11.25"]
[SourceQuality "1"]
[WhiteTeam "Klingenberg"]
[BlackTeam "Marktleuthen"]
[WhiteTeamCountry "GER"]
[BlackTeamCountry "GER"]

1. d4 Nf6 2. Nf3 g6 3. g3 Bg7 4. Bg2 0-0 5. 0-0 d6 6. c4 Nbd7 7. Nc3 e5 8. dxe5 dxe5 9. Qc2 c6 10. Bg5 Qc7 11. Rac1 Nc5 12. Nd2 Ne6 13. Bxf6 Bxf6 14. e3 Bg7 15. b4 f5 16. Ne2 a5 17. b5 Bd7 18. a4 Rac8 19. Qb1 Nc5 20. Nc3 e4 21. b6 Qe5 22. Nb3 Nd3 23. Rc2 Nb4 24. Rcc1 Be6 25. Ne2 Rfd8 26. Ned4 Bf7 27. c5 Ra8 28. Rfd1 Nd3 29. Rc2 Rd5 30. Bf1 Nxc5 31. Nxc5 Rxc5 32. Rdc1 Rxc2 33. Qxc2 Bd5 34. Bc4 Qd6 35. Qb3 Bxd4 36. Bxd5+ cxd5 37. exd4 Rd8 38. Rc5 f4 39. Rxa5 f3 40. Kf1 Rc8 41. Ke1 Rc4 42. Ra8+ Kg7 43. a5 Qc6 44. Qb2 Rc2 45. Qa3 Rc1+ 46. Kd2 e3+ 47. Kxe3 Rc3+ 48. Qxc3 Qxc3+ 49. Kf4 Qd3 50. Re8 Kf7 51. Re1 Qf5+ 52. Ke3 Qe4+ 53. Kd2 Qxd4+ 54. Kc2 Qxf2+ 55. Kd1 Qb2 56. Re3 f2 57. Rf3+ Kg7 58. a6 Qb1+ 59. Ke2 Qe1+ 60. Kd3 f1Q+ 61. Rxf1 Qxf1+ 62. Kd4 Qxa6 0-1

[Event "Regionalliga NW 0102"]
[Site "Bayern"]
[Date "2002.02.03"]
[Round "5.6"]
[White "Hennig, Anton"]
[Black "Kaplanski, Michael"]
[Result "0-1"]
[WhiteElo "1820"]
[BlackElo "1970"]
[PlyCount "116"]
[EventDate "2001.10.07"]
[EventType "team-tourn"]
[EventRounds "9"]
[EventCountry "GER"]
[SourceTitle "EXT 2003"]
[Source "ChessBase"]
[SourceDate "2002.11.25"]
[SourceVersion "1"]
[SourceVersionDate "2002.11.25"]
[SourceQuality "1"]
[WhiteTeam "Klingenberg"]
[BlackTeam "Hof"]
[WhiteTeamCountry "GER"]
[BlackTeamCountry "GER"]

1. d4 Nf6 2. Nf3 d6 3. c4 g6 4. g3 Bg7 5. Bg2 0-0 6. 0-0 Nbd7 7. Nc3 c5 8. e3 Rb8 9. b3 b6 10. Qc2 Bb7 11. Bb2 a6 12. Rfd1 e6 13. dxc5 dxc5 14. Ne5 Qc7 15. Nxd7 Nxd7 16. Ne4 Ne5 17. Rd2 f5 18. Ng5 Qe7 19. Bxb7 Rxb7 20. f4 h6 21. Bxe5 Bxe5 22. fxe5 Qxg5 23. Qc3 h5 24. Rf1 h4 25. Rg2 Rg7 26. Rf4 hxg3 27. Rxg3 Qd8 28. Rf2 g5 29. Rd2 Qa8 30. Qd3 Qc6 31. Qd6 Rc8 32. Qxc6 Rxc6 33. Rd8+ Kh7 34. Rh3+ Kg6 35. Kf2 g4 36. Rhh8 b5 37. Kg3 bxc4 38. bxc4 Rb6 39. Rb8 Rxb8 40. Rxb8 Rh7 41. Rb6 Rh3+ 42. Kg2 Rxe3 43. Rxe6+ Kg5 44. Rxa6 Rxe5 45. Ra5 Kf4 46. Kf2 Re7 47. a4 Rd7 48. Ke2 Rh7 49. Rxc5 Rxh2+ 50. Kf1 Ra2 51. a5 Ke4 52. Rb5 g3 53. c5 f4 54. c6 f3 55. Rb1 Rh2 56. Rb4+ Kd5 57. Kg1 f2+ 58. Kf1 Rh1+ 0-1

[Event "Regionalliga NW 0102"]
[Site "Bayern"]
[Date "2001.10.07"]
[Round "1.7"]
[White "Hennig, Anton"]
[Black "Hohner, Karl Heinz"]
[Result "1-0"]
[WhiteElo "1820"]
[BlackElo "1940"]
[PlyCount "62"]
[EventDate "2001.10.07"]
[EventType "team-tourn"]
[EventRounds "9"]
[EventCountry "GER"]
[SourceTitle "EXT 2003"]
[Source "ChessBase"]
[SourceDate "2002.11.25"]
[SourceVersion "1"]
[SourceVersionDate "2002.11.25"]
[SourceQuality "1"]
[WhiteTeam "Klingenberg"]
[BlackTeam "Kronach"]
[WhiteTeamCountry "GER"]
[BlackTeamCountry "GER"]

1. d4 Nf6 2. Nf3 c5 3. c3 d5 4. Bf4 Nc6 5. e3 e6 6. Bd3 Bd6 7. Bxd6 Qxd6 8. Nbd2 0-0 9. 0-0 e5 10. dxe5 Nxe5 11. Nxe5 Qxe5 12. Nf3 Qe7 13. h3 Bd7 14. Qc2 Bc6 15. Rfe1 Rad8 16. Rad1 Ne4 17. Bxe4 dxe4 18. Nh2 Qe6 19. a3 Bd5 20. Qc1 Bb3 21. Rxd8 Rxd8 22. Nf1 Qd5 23. g3 Qd3 24. Kg2 h5 25. Qb1 Qd5 26. Qc1 b5 27. Kg1 Qf5 28. Nd2 Be6 29. Kg2 Qxh3+ 30. Kg1 Bg4 31. Qc2 Bf3 1-0

[Event "Regionalliga NW 0001"]
[Site "Bayern"]
[Date "2000.11.12"]
[Round "2.7"]
[White "Hennig, Anton"]
[Black "Zimlich, Juergen"]
[Result "1-0"]
[WhiteElo "1800"]
[BlackElo "1915"]
[PlyCount "64"]
[EventDate "2000.10.15"]
[EventType "team-tourn"]
[EventRounds "9"]
[EventCountry "GER"]
[SourceTitle "EXT 2020"]
[Source "ChessBase"]
[SourceDate "2019.10.17"]
[SourceVersion "1"]
[SourceVersionDate "2019.10.17"]
[SourceQuality "1"]
[WhiteTeam "Klingenberg"]
[BlackTeam "Sailauf"]
[WhiteTeamCountry "GER"]
[BlackTeamCountry "GER"]

1. Nf3 c5 2. d4 cxd4 3. Nxd4 Nf6 4. h3 Nc6 5. e3 a6 6. Be2 d5 7. 0-0 e5 8. Nxc6 bxc6 9. c4 Be7 10. b3 d4 11. exd4 exd4 12. Bf3 Qb6 13. Bb2 Bc5 14. Ba3 0-0 15. b4 Bxb4 16. Bxb4 Qxb4 17. Qxd4 c5 18. Qc3 Rb8 19. a3 Qa4 20. Nd2 Be6 21. Rab1 Rbd8 22. Rb6 Qd7 23. Nb3 Bxh3 24. Nxc5 Qf5 25. Rc6 Rfe8 26. Re1 Rxe1+ 27. Qxe1 Bg4 28. Qe2 Re8 29. Bxg4 Qb1+ 30. Qd1 Re1+ 31. Kh2 Nxg4+ 32. Qxg4 h5 1-0

[Event "Regionalliga NW 9900"]
[Site "Bayern"]
[Date "2000.??.??"]
[Round "7.8"]
[White "Christ, Rene"]
[Black "Hennig, Anton"]
[Result "1/2-1/2"]
[WhiteElo "1850"]
[BlackElo "1735"]
[PlyCount "42"]
[EventDate "1999.??.??"]
[EventType "team-tourn"]
[EventRounds "9"]
[EventCountry "GER"]
[SourceTitle "EXT 2020"]
[Source "ChessBase"]
[SourceDate "2019.10.17"]
[SourceVersion "1"]
[SourceVersionDate "2019.10.17"]
[SourceQuality "1"]
[WhiteTeam "Sailauf"]
[BlackTeam "Klingenberg"]
[WhiteTeamCountry "GER"]
[BlackTeamCountry "GER"]

1. d4 d5 2. c4 e5 3. dxe5 d4 4. Nf3 Nc6 5. g3 Be6 6. Nbd2 Bb4 7. a3 Bxd2+ 8. Nxd2 Nxe5 9. Qc2 Nf6 10. Bg2 c6 11. 0-0 d3 12. exd3 Qxd3 13. Qxd3 Nxd3 14. b3 0-0 15. Ne4 Nxe4 16. Bxe4 Nxc1 17. Raxc1 Rfd8 18. Rfd1 Kf8 19. Kf1 Ke7 20. Ke2 h6 21. Ke3 Rxd1 1/2-1/2

[Event "Regionalliga NW 9900"]
[Site "Bayern"]
[Date "2000.??.??"]
[Round "9.6"]
[White "Leyh, Martin"]
[Black "Hennig, Anton"]
[Result "0-1"]
[WhiteElo "1865"]
[BlackElo "1735"]
[PlyCount "72"]
[EventDate "1999.??.??"]
[EventType "team-tourn"]
[EventRounds "9"]
[EventCountry "GER"]
[SourceTitle "EXT 2020"]
[Source "ChessBase"]
[SourceDate "2019.10.17"]
[SourceVersion "1"]
[SourceVersionDate "2019.10.17"]
[SourceQuality "1"]
[WhiteTeam "Sand"]
[BlackTeam "Klingenberg"]
[WhiteTeamCountry "GER"]
[BlackTeamCountry "GER"]

1. Nf3 Nf6 2. g3 d5 3. Bg2 c6 4. 0-0 h6 5. d3 Bf5 6. Nbd2 e6 7. b3 Be7 8. Bb2 0-0 9. e3 Nbd7 10. Qe2 Qc7 11. e4 dxe4 12. dxe4 Bh7 13. h3 Rfd8 14. Nh2 Nc5 15. f4 Rd7 16. e5 Nd5 17. Nc4 Nb4 18. Ne3 Rad8 19. f5 Bg5 20. f6 Rd2 21. Qe1 Bxe3+ 22. Qxe3 Nxc2 23. Qxc5 Nxa1 24. Bxa1 Rxa2 25. Bc3 Rc2 26. Qc4 Bd3 27. Qg4 g6 28. Qh4 h5 29. Qf4 Kh7 30. Ng4 hxg4 31. Qxg4 Rh8 32. Qd1 Rxc3 33. Rf3 Rd8 34. Qd2 Qxe5 35. Bf1 Qc5+ 36. Kh2 Rc2 0-1

[Event "Regionalliga NW 9900"]
[Site "Bayern"]
[Date "2000.??.??"]
[Round "5.8"]
[White "Woerner, Michael"]
[Black "Hennig, Anton"]
[Result "1/2-1/2"]
[WhiteElo "1985"]
[BlackElo "1735"]
[PlyCount "113"]
[EventDate "1999.??.??"]
[EventType "team-tourn"]
[EventRounds "9"]
[EventCountry "GER"]
[SourceTitle "EXT 2020"]
[Source "ChessBase"]
[SourceDate "2019.10.17"]
[SourceVersion "1"]
[SourceVersionDate "2019.10.17"]
[SourceQuality "1"]
[WhiteTeam "Schweinfurt Fr"]
[BlackTeam "Klingenberg"]
[WhiteTeamCountry "GER"]
[BlackTeamCountry "GER"]

1. d4 d5 2. Nf3 Nf6 3. c4 e6 4. Nc3 Be7 5. e3 0-0 6. Bd3 dxc4 7. Bxc4 c5 8. 0-0 cxd4 9. exd4 a6 10. a4 Nbd7 11. Qe2 Nb6 12. Bb3 Nbd5 13. Re1 Bb4 14. Bd2 Qa5 15. Rec1 Bd7 16. Ne5 Bc6 17. Nc4 Qd8 18. Ne5 Qd6 19. g4 Ne7 20. Be3 Bxc3 21. bxc3 b5 22. a5 Rfc8 23. f3 Bd5 24. Bc2 Bc4 25. Qf2 Nfd5 26. Bd2 f6 27. Nd3 Bxd3 28. Bxd3 Ng6 29. Qg3 Qxg3+ 30. hxg3 Rc7 31. c4 bxc4 32. Rxc4 Rxc4 33. Bxc4 Rc8 34. Rc1 Rc6 35. Bd3 Rxc1+ 36. Bxc1 Nb4 37. Bc4 Kf7 38. Bd2 Nc6 39. Bc3 Nb8 40. f4 Ke7 41. Kf2 Kd7 42. Ke3 Ne7 43. Kd3 Nc8 44. f5 exf5 45. gxf5 Nd6 46. Be6+ Ke7 47. d5 Nd7 48. Bb4 Ne5+ 49. Kd4 g6 50. fxg6 hxg6 51. Bxd6+ Kxd6 52. Bc8 Nf3+ 53. Kc4 Nd2+ 54. Kc3 Ne4+ 55. Kc4 Nc5 56. g4 g5 57. Kd4 1/2-1/2

[Event "Regionalliga NW 9899"]
[Site "Bayern"]
[Date "1999.??.??"]
[Round "4.7"]
[White "Hennig, Anton"]
[Black "Federschmidt, Ralf"]
[Result "1-0"]
[WhiteElo "1710"]
[BlackElo "1825"]
[PlyCount "45"]
[EventDate "1998.??.??"]
[EventType "team-tourn"]
[EventRounds "9"]
[EventCountry "GER"]
[SourceTitle "EXT 2020"]
[Source "ChessBase"]
[SourceDate "2019.10.17"]
[SourceVersion "1"]
[SourceVersionDate "2019.10.17"]
[SourceQuality "1"]
[WhiteTeam "Klingenberg"]
[BlackTeam "Bad Neustadt"]
[WhiteTeamCountry "GER"]
[BlackTeamCountry "GER"]

1. Nf3 d5 2. d4 Nf6 3. c3 Bf5 4. Bg5 e6 5. e3 Be7 6. Bd3 Bxd3 7. Qxd3 Nbd7 8. Nbd2 c5 9. Bxf6 gxf6 10. dxc5 Nxc5 11. Qb5+ Kf8 12. 0-0 a6 13. Qe2 b5 14. e4 dxe4 15. Nxe4 Nxe4 16. Qxe4 f5 17. Qf4 Bd6 18. Qd4 Ke7 19. Rad1 Qc7 20. Rfe1 Rad8 21. Qh4+ f6 22. Nd4 Be5 23. Rxe5 1-0

[Event "Regionalliga NW 9899"]
[Site "Bayern"]
[Date "1999.??.??"]
[Round "7.8"]
[White "Hennig, Anton"]
[Black "Schricker, Jochen"]
[Result "1-0"]
[WhiteElo "1710"]
[BlackElo "1925"]
[PlyCount "68"]
[EventDate "1998.??.??"]
[EventType "team-tourn"]
[EventRounds "9"]
[EventCountry "GER"]
[SourceTitle "EXT 2020"]
[Source "ChessBase"]
[SourceDate "2019.10.17"]
[SourceVersion "1"]
[SourceVersionDate "2019.10.17"]
[SourceQuality "1"]
[WhiteTeam "Klingenberg"]
[BlackTeam "Mainaschaff"]
[WhiteTeamCountry "GER"]
[BlackTeamCountry "GER"]

1. Nf3 d5 2. d4 Nf6 3. c3 h6 4. h3 c5 5. dxc5 e6 6. Bf4 Bxc5 7. e3 Nc6 8. Nbd2 0-0 9. Ne5 Bd6 10. Nxc6 bxc6 11. Bxd6 Qxd6 12. Be2 Rd8 13. 0-0 e5 14. Qc2 Be6 15. Rfd1 c5 16. Nf3 Rab8 17. b3 e4 18. Nh2 Qe5 19. Rac1 Rd7 20. Rd2 a5 21. Rcd1 Rbd8 22. Bb5 Rd6 23. a4 Nd7 24. Nf1 f5 25. Qb2 Nb6 26. Ng3 f4 27. exf4 Qxf4 28. Re1 Bf5 29. Nxf5 Qxf5 30. Rde2 Rg6 31. Re3 d4 32. cxd4 cxd4 33. Rxe4 Qxh3 34. g3 Rf6 1-0

[Event "Regionalliga NW 9900"]
[Site "Bayern"]
[Date "1999.??.??"]
[Round "3.7"]
[White "Hennig, Anton"]
[Black "Wuttig, Michael"]
[Result "0-1"]
[WhiteElo "1735"]
[BlackElo "1985"]
[PlyCount "74"]
[EventDate "1999.??.??"]
[EventType "team-tourn"]
[EventRounds "9"]
[EventCountry "GER"]
[SourceTitle "EXT 2020"]
[Source "ChessBase"]
[SourceDate "2019.10.17"]
[SourceVersion "1"]
[SourceVersionDate "2019.10.17"]
[SourceQuality "1"]
[WhiteTeam "Klingenberg"]
[BlackTeam "Burgsinn"]
[WhiteTeamCountry "GER"]
[BlackTeamCountry "GER"]

1. d4 Nf6 2. Nf3 g6 3. c3 Bg7 4. h3 d6 5. Bf4 0-0 6. e3 Nbd7 7. Be2 c5 8. 0-0 b6 9. Nbd2 Bb7 10. Qa4 a6 11. Rac1 Rc8 12. Qd1 b5 13. dxc5 Nxc5 14. c4 b4 15. b3 Qb6 16. Bg5 Rfe8 17. Nd4 Nfe4 18. Nxe4 Nxe4 19. Nf3 Qa5 20. Bf4 Qxa2 21. Qc2 Qa5 22. Nd2 Nc3 23. Bf3 Qb6 24. Rfe1 Bxf3 25. Nxf3 d5 26. Nd2 a5 27. Kh1 dxc4 28. Nxc4 Qa6 29. Be5 Bxe5 30. Nxe5 Ne2 31. Rxe2 Rxc2 32. Rexc2 a4 33. Rc6 Qe2 34. R1c2 Qd1+ 35. Kh2 axb3 36. Rc1 Qd5 37. R6c5 Qxc5 0-1